Science Quiz

Random Science or Country Quiz

Hidden Elements: Countries Quiz Stats

Quiz Updated Aug 8, 2015

Challenge
Share
Tweet
Embed
Score 0/62 Timer 08:00
6 Plays Today
% Correct
Oxygen (O)
87.9%
Oxygen (O)
87.9%
Oxygen (O)
87.9%
Nitrogen (N)
84.2%
Nitrogen (N)
84.2%
Nitrogen (N)
84.2%
Nitrogen (N)
84.2%
Nitrogen (N)
84.2%
Nitrogen (N)
84.2%
Nitrogen (N)
84.2%
Gold (Au)
83.6%
Boron (B)
83.4%
Helium (He)
82.3%
Potassium (K)
82.3%
Potassium (K)
82.3%
Potassium (K)
82.3%
Sodium (Na)
80.7%
Sodium (Na)
80.7%
Uranium (U)
79.9%
Uranium (U)
79.9%
Uranium (U)
79.9%
Hydrogen (H)
76.7%
Iodine (I)
74.7%
Iodine (I)
74.7%
Iodine (I)
74.7%
Iodine (I)
74.7%
Iodine (I)
74.7%
Lithium (Li)
70.1%
Tin (Sn)
69.3%
Silver (Ag)
67.6%
Carbon (C)
67.4%
% Correct
Argon (Ar)
66.8%
Sulfur (S)
65.6%
Sulfur (S)
65.6%
Sulfur (S)
65.5%
Neon (Ne)
63.1%
Nickel (Ni)
63.1%
Nickel (Ni)
63.1%
Krypton (Kr)
61.2%
Calcium (Ca)
57.2%
Radium (Ra)
56.7%
Yttrium (Y)
53.8%
Indium (In)
53.3%
Indium (In)
53.3%
Indium (In)
53.3%
Osmium (Os)
53.2%
Arsenic (As)
51%
Iridium (Ir)
50.5%
Gallium (Ga)
49%
Molybdenum (Mo)
48.1%
Scandium (Sc)
42.6%
Lanthanum (La)
41.9%
Vanadium (V)
39.7%
Ruthenium (Ru)
35.4%
Erbium (Er)
35%
Tellurium (Te)
35%
Rhenium (Re)
33.6%
Tantalum (Ta)
32.1%
Neodymium (Nd)
31.8%
Neodymium (Nd)
31.8%
Gadolinium (Gd)
26.5%
Roentgenium (Rg)
24.3%

You're not logged in!

Compare scores with friends on all Sporcle quizzes.
Sign Up with Email
OR
Log In

You Might Also Like...

Show Comments

Extras

Top Quizzes Today


Score Distribution

Your Account Isn't Verified!

In order to create a playlist on Sporcle, you need to verify the email address you used during registration. Go to your Sporcle Settings to finish the process.

Report this User

Report this user for behavior that violates our Community Guidelines.

Details: